[Event "Hampstead op U2200 06"]
[Site "Hampstead"]
[Date "2013.06.29"]
[Round "1"]
[White "Humphries, Zak"]
[Black "Landau, Jonathan"]
[Result "0-1"]
[WhiteElo "1450"]
[BlackElo "1922"]
[PlyCount "54"]
[EventDate "2013.06.29"]
[EventType "swiss"]
[EventRounds "5"]
[EventCountry "ENG"]
[SourceTitle "EXT 2014"]
[Source "ChessBase"]
[SourceDate "2013.11.20"]
[SourceVersion "1"]
[SourceVersionDate "2013.11.20"]
[SourceQuality "1"]

1. e4 e5 2. d3 Nf6 3. Nc3 Bb4 4. a3 Ba5 5. g3 d5 6. b4 Bb6 7. exd5 Nxd5 8. Nxd5 Qxd5 9. Qf3 Qd4 10. Rb1 Qc3+ 11. Kd1 Qd4 12. Bh3 Nc6 13. Bxc8 Rxc8 14. Ne2 Qxf2 15. Qxf2 Bxf2 16. c4 Nd4 17. Rf1 Nxe2 18. Kxe2 Bd4 19. g4 0-0 20. g5 Rfe8 21. Be3 Rcd8 22. Rf3 e4 23. dxe4 Rxe4 24. Rd1 Rde8 25. Rd3 Be5 26. Rd7 Bf4 27. Kf2 Bxe3+ 0-1

[Event "Hampstead op U2200 06"]
[Site "Hampstead"]
[Date "2013.06.29"]
[Round "2"]
[White "Kalavannan, Koby"]
[Black "Humphries, Zak"]
[Result "1-0"]
[WhiteElo "1749"]
[BlackElo "1450"]
[PlyCount "31"]
[EventDate "2013.06.29"]
[EventType "swiss"]
[EventRounds "5"]
[EventCountry "ENG"]
[SourceTitle "EXT 2014"]
[Source "ChessBase"]
[SourceDate "2013.11.20"]
[SourceVersion "1"]
[SourceVersionDate "2013.11.20"]
[SourceQuality "1"]

1. e4 e6 2. d4 d5 3. Nc3 Nf6 4. Bd3 b6 5. Bg5 Be7 6. e5 Nfd7 7. Bxe7 Qxe7 8. Nb5 c5 9. Nc7+ Kd8 10. Nxa8 cxd4 11. Nf3 Nc6 12. 0-0 Ndxe5 13. Nxe5 Nxe5 14. Bb5 Bb7 15. Qxd4 Qg5 16. f4 1-0